Catalog

Record Details

Catalog Search



Disney's Pocahontas. Cover Image Book Book

Disney's Pocahontas.

Walt Disney Company. (Added Author).

Record details

  • ISBN: 1570821143
  • Physical Description: 96 pages : color illustrations ; 29 cm.
  • Publisher: New York : Mouse Works, c1995.
Subject: Pocahontas, d. 1617 > Juvenile fiction.
Pocahontas, d. 1617 > Fiction.
Pocahontas (Motion picture)
Pocahontas (Motion picture)

Available copies

  • 1 of 1 copy available at scottsboropl.

Holds

  • 0 current holds with 1 total copy.
Show Only Available Copies
Location Call Number / Copy Notes Barcode Shelving Location Status Due Date
scottsboropl E Dis 32269000835754 Juvenile - Easy Available -

LDR 00826cam a2200241 a 4500
001121527
003CONS
00520140703075953.0
008950503s1995 nyua j 000 1 eng u
020 . ‡a1570821143
035 . ‡a(CPomAG)LMN447088
082 . ‡a[E]
24500. ‡aDisney's Pocahontas.
24630. ‡aPocahontas.
260 . ‡aNew York : ‡bMouse Works, ‡cc1995.
300 . ‡a96 pages : ‡bcolor illustrations ; ‡c29 cm.
60000. ‡aPocahontas, ‡dd. 1617 ‡vJuvenile fiction.
60001. ‡aPocahontas, ‡dd. 1617 ‡vFiction.
63000. ‡aPocahontas (Motion picture)
63001. ‡aPocahontas (Motion picture)
7102 . ‡aWalt Disney Company.
959 . ‡i32269000835754 ‡lJF Dis 3-4 ‡aJuvenile - Fiction ‡tJuv Fiction ‡g8.00
852 . ‡p32269000835754 ‡jJF Dis 3-4 ‡gJuvenile - Fiction ‡cJuv Fiction ‡y8.00 ‡bSBPL
901 . ‡a121527 ‡bUnknown ‡c121527 ‡tbiblio

Additional Resources